qui a la plus grosse ? - Statistiques

Statistiques générales
  • Ce quiz a été pris 32 fois
  • Le résultat moyen est 13 sur 16
Statistiques - réponses
Par images Réponse % Correct
perroquet
96%
lion
92%
dauphin
88%
requin
88%
chien
85%
éléphant
85%
fourmi
85%
gorille
85%
souris
85%
abeille
81%
loup
81%
toucan
81%
guépard
73%
orang outan
65%
poulpe
58%
hamster
38%
Aucun quiz correspondant
Distribution des résultats
% des personnes avec chaque résultat
Percentile par nombre de réponses
Votre historique - résultats
Vous n’avez pas pris ce quiz